Statistics for Allsvenskan 2022 Club Logos

Click here to take the quiz!

General Stats

  • This quiz has been taken 21 times
  • The average score is 13 of 16

Answer Stats

Answer% Correct
AIK
94%
Djurgårdens IF
94%
Malmö FF
94%
BK Häcken
89%
Hammarby IF
89%
IFK Götebrog
83%
Kalmar FF
83%
IF Elfsborg
78%
IFK Norrköping
78%
IK Sirius
78%
Degerfors IF
72%
Helsingborgs IF
72%
Mjällby AIF
72%
Varberg BoIS
72%
GIF Sundsvall
67%
IFK Värnamo
67%

Score Distribution

Percentile by Number Answered

Percent of People with Each Score

Your Score History

You have not taken this quiz